000 00330nam a2200145Ia 4500
008 210210b1939 xxu||||| |||| 00| 0 eng d
041 _aeng
082 _a881/58
100 _aKALIDASA
245 _aSrinagaratilakam
260 _aBombay
_b-
_c1939
650 _aSrinagaratilakam
690 _aSanskrit Poetry
906 _a024229
999 _c149627
_d149627